Schwerste Pokémon - Statistiken

Allgemein
  • Dieses Quiz wurde 68 mal gespielt
    9 seit der letzten Aktualisierung
  • Das Durchschnittsergebnis liegt bei 24 aus 91
Antwortstatistiken
Gewicht Pokémon % Korrekt
316,0 kg Alola-Geowaz
75%
300,0 kg Geowaz
75%
740,0 kg Mega-Stahlos
75%
460,0 kg Relaxo
75%
400,0 kg Stahlos
75%
950,0 kg Groudon
63%
942,9 kg Mega-Metagross
63%
550,0 kg Metagross
63%
999,7 kg Proto-Groudon
63%
420,0 kg Regigigas
63%
398,0 kg Wailord
63%
683,0 kg Dialga
50%
850,0 kg Dialga (Urform)
50%
650,0 kg Giratina (Urform)
50%
750,0 kg Giratina (Wandelform)
50%
430,0 kg Heatran
50%
352,0 kg Kyogre
50%
305,0 kg Mega-Garados
50%
570,0 kg Mega-Heatran
50%
392,0 kg Mega-Rayquaza
50%
610,0 kg Mega-Zygarde
50%
336,0 kg Palkia
50%
660,0 kg Palkia (Urform)
50%
430,0 kg Proto-Kyogre
50%
360,0 kg Stolloss
50%
305,0 kg Zygarde
50%
610,0 kg Zygarde (Optimumform)
50%
320,0 kg Arceus
38%
999,9 kg Cosmovum
38%
999,9 kg Kaguron
38%
325,0 kg Kyurem
38%
395,0 kg Mega-Stolloss
38%
330,0 kg Reshiram
38%
325,0 kg Schwarzes Kyurem
38%
325,0 kg Weißes Kyurem
38%
415,6 kg Alola-Kokowei
25%
260,0 kg Brockoloss
25%
950,0 kg Endynalos
25%
291,0 kg Mamutel
25%
255,0 kg Mega-Despotar
25%
290,0 kg Mega-Dragoran
25%
460,0 kg Necrozma (Abendmähne)
25%
350,0 kg Necrozma (Morgenschwingen)
25%
282,8 kg Rihornior
25%
345,0 kg Zekrom
25%
303,0 kg Eisendorn
13%
380,7 kg Eisenhand
13%
490,0 kg Entfesseltes Hoopa
13%
256,5 kg Firnontor
13%
330,0 kg Golgantes
13%
700,0 kg Kolowal
13%
333,6 kg Masskito
13%
320,5 kg Mega-Camerupt
13%
350,2 kg Mega-Firnontor
13%
330,0 kg Mega-Glogantes
13%
310,5 kg Montecarbo
13%
820,0 kg Muramura
13%
888,0 kg Schlingking
13%
310,0 kg Schlurm
13%
260,0 kg Siberio
13%
290,0 kg Ursaluna
13%
333,0 kg Ursaluna (Blutmond)
13%
340,0 kg Voluminas
13%
355,0 kg Zacian (König des Schwertes)
13%
785,0 kg Zamazenta (König des Schildes)
13%
505,0 kg Arktilas
0%
310,0 kg Chelterrar
0%
250,0 kg Colossand
0%
809,1 kg Coronospa (Schimmelreiter)
0%
699,7 kg Dinglu
0%
380,0 kg Donnersichel
0%
480,0 kg Furienblitz
0%
253,8 kg Hariyama
0%
300,0 kg Hippoterus
0%
262,4 kg Hisui-Arktilas
0%
334,1 kg Hisui-Viscogon
0%
520,0 kg Humanolith
0%
590,0 kg Keilflamme
0%
250,0 kg Kobalium
0%
303,0 kg Koraidon
0%
315,0 kg Mega-Espinodon
0%
252,8 kg Mega-Krawell
0%
800,0 kg Melmetal
0%
270,0 kg Monargoras
0%
920,0 kg Pampross
0%
650,0 kg Patinaraja
0%
800,0 kg Polaross
0%
320,0 kg Riesenzahn
0%
326,5 kg Skelokrok
0%
260,0 kg Terrakium
0%
280,0 kg Windewoge
0%
Keine übereinstimmenden Quizze gefunden
Verteilung der Resultate
Anzahl Personen mit jedem Resultat
Perzentil nach korrekt beantworteten Fragen
Ihre Resultats-Entwicklung
Sie haben dieses Quiz seit der letzten Aktualisierung nicht gespielt